LIBRARY & INFORMATION CENTRE, KCAET, TAVANUR

ONLINE PUBLIC ACCESS CATALOGUE (OPAC)

Composite modern BSc Botany, Part 1 / (Record no. 401)

MARC details
000 -LEADER
fixed length control field 00396cam a2200157ua 4500
041 ## - LANGUAGE CODE
Language code of text/sound track or separate title eng
082 ## - DEWEY DECIMAL CLASSIFICATION NUMBER
Classification number 581
Item number RAV/CO
100 ## - MAIN ENTRY--AUTHOR NAME
Personal name Ravindranath, R .
245 ## - TITLE STATEMENT
Title Composite modern BSc Botany, Part 1 /
260 ## - PUBLICATION, DISTRIBUTION, ETC. (IMPRINT)
Place of publication New Delhi :
Name of publisher Kalyani Publishers ,
Year of publication 1994.
300 ## - PHYSICAL DESCRIPTION
Number of Pages 821 ; .
650 ## - SUBJECT ADDED ENTRY--TOPICAL TERM
Topical Term Botany
942 ## - ADDED ENTRY ELEMENTS (KOHA)
Koha item type Books
Holdings
Withdrawn status Lost status Damaged status Home library Current library Date acquired Full call number Accession Number Koha item type
      KAUAET KAUAET 07/04/2012 581 RAV/CO 20681 Books
free website counter